French studies in history (Record no. 606585)

MARC details
000 -LEADER
fixed length control field 00778nam a2200253Ia 4500
003 - CONTROL NUMBER IDENTIFIER
control field OSt
005 - DATE AND TIME OF LATEST TRANSACTION
control field 20251008140019.0
008 - FIXED-LENGTH DATA ELEMENTS--GENERAL INFORMATION
fixed length control field 220923b |||||||| |||| 00| 0 eng d
020 ## - INTERNATIONAL STANDARD BOOK NUMBER
International Standard Book Number 0861318927
037 ## - SOURCE OF ACQUISITION
Terms of availability Reference
040 ## - CATALOGING SOURCE
Original cataloging agency RTL
Transcribing agency RTL
Language of cataloging eng
041 ## - LANGUAGE CODE
Source of code eng
Language code of text/sound track or separate title eng
084 ## - COLON CLASSIFICATION NUMBER
Classification number Vb4.53.N8/SC
Assigning agency RTL
245 #0 - TITLE STATEMENT
Title French studies in history
260 ## - PUBLICATION, DISTRIBUTION, ETC.
Place of publication, distribution, etc. New Delhi
Name of publisher, distributor, etc. Orient Longmans
Date of publication, distribution, etc. 1988
300 ## - PHYSICAL DESCRIPTION
Extent 335 p.
Dimensions cm.
Other physical details Includes bibliographical references and index.
490 ## - SERIES STATEMENT
Volume/sequential designation V1
500 ## - GENERAL NOTE
General note New Trends in the French Social Sciences
650 ## - SUBJECT ADDED ENTRY--TOPICAL TERM
Topical term or geographic name entry element History
9 (RLIN) 847728
700 ## - ADDED ENTRY--PERSONAL NAME
Personal name Aymard Maurice
Relator term Editor
9 (RLIN) 847729
700 ## - ADDED ENTRY--PERSONAL NAME
Personal name Mukhia Harbans
Relator term Editor
9 (RLIN) 847730
942 ## - ADDED ENTRY ELEMENTS (KOHA)
Classification part Vb4.53.N8, M8.1/SC
Koha item type Reference
Source of classification or shelving scheme Colon Classification (CC)
Suppress in OPAC No
Holdings
Withdrawn status Lost status Source of classification or shelving scheme Damaged status Not for loan Home library Current library Date acquired Serial Enumeration / chronology Total Checkouts Full call number Barcode Date last seen Price effective from Koha item type
    Colon Classification (CC)     Ratan Tata Library Ratan Tata Library 2022-09-26 V1   Vb4.53.N8, M8.1/SC RT1149221 2022-09-26 2022-09-26 Reference
Copyright @ Delhi University Library System